[Event "San Francisco TNM Summer op"]
[Site "San Francisco"]
[Date "2012.06.26"]
[Round "6"]
[White "Barrow, Lyle"]
[Black "Sherwood, Peter"]
[Result "0-1"]
[WhiteElo "1432"]
[BlackElo "1782"]
[PlyCount "42"]
[EventDate "2012.05.22"]
[EventType "swiss"]
[EventRounds "8"]
[EventCountry "USA"]
[SourceTitle "EXT 2014"]
[Source "ChessBase"]
[SourceDate "2013.11.20"]
[SourceVersion "1"]
[SourceVersionDate "2013.11.20"]
[SourceQuality "1"]

1. d4 d5 2. c4 dxc4 3. Nf3 Nf6 4. Nc3 e6 5. e3 c5 6. Bxc4 cxd4 7. Qxd4 Nbd7 8. a3 Bc5 9. Qd1 0-0 10. b4 Bb6 11. 0-0 a6 12. Qc2 Ba7 13. Bb2 b5 14. Be2 Bb7 15. h3 Rc8 16. Qb1 Nb6 17. Rd1 Qc7 18. Ne1 Bb8 19. g3 Nc4 20. Ng2 Nxb2 21. Qxb2 Qxc3 0-1

[Event "San Francisco TNM Summer op"]
[Site "San Francisco"]
[Date "2012.05.22"]
[Round "1"]
[White "Barrow, Lyle"]
[Black "Shnaiderman, Lazar"]
[Result "1/2-1/2"]
[WhiteElo "1432"]
[BlackElo "1889"]
[PlyCount "35"]
[EventDate "2012.05.22"]
[EventType "swiss"]
[EventRounds "8"]
[EventCountry "USA"]
[SourceTitle "EXT 2014"]
[Source "ChessBase"]
[SourceDate "2013.11.20"]
[SourceVersion "1"]
[SourceVersionDate "2013.11.20"]
[SourceQuality "1"]

1. d4 Nf6 2. c4 e5 3. dxe5 Ng4 4. Nf3 Bc5 5. e3 Nc6 6. Be2 Ncxe5 7. 0-0 0-0 8. b3 d6 9. Bb2 Nxf3+ 10. Bxf3 Ne5 11. Bxe5 dxe5 12. Qxd8 Rxd8 13. Rd1 Rxd1+ 14. Bxd1 c6 15. Nc3 Bf5 16. Be2 Rd8 17. Rd1 Rxd1+ 18. Bxd1 1/2-1/2

[Event "San Francisco TNM Litowsky op"]
[Site "San Francisco"]
[Date "2011.08.23"]
[Round "4"]
[White "Dembling, Arthur"]
[Black "Barrow, Lyle"]
[Result "1-0"]
[WhiteElo "1796"]
[BlackElo "1470"]
[PlyCount "85"]
[EventDate "2011.08.02"]
[EventType "swiss"]
[EventRounds "9"]
[EventCountry "USA"]
[SourceTitle "EXT 2016"]
[Source "ChessBase"]
[SourceDate "2015.10.08"]
[SourceVersion "1"]
[SourceVersionDate "2015.10.08"]
[SourceQuality "1"]

1. e4 e6 2. d4 d5 3. e5 c5 4. c3 Nc6 5. Be3 Qb6 6. Qd2 Bd7 7. Nf3 cxd4 8. cxd4 Nge7 9. Nc3 Nf5 10. Rd1 Nxe3 11. fxe3 Be7 12. Bd3 Nb4 13. Bb1 f6 14. a3 Nc6 15. exf6 Bxf6 16. 0-0 0-0-0 17. Na4 Qa5 18. Qc2 Kb8 19. b4 Nxb4 20. Qc5 Qxc5 21. Nxc5 Nc6 22. Rc1 Be7 23. Bd3 Bxc5 24. Rxc5 g6 25. Ng5 Rc8 26. Rf7 Be8 27. Rxh7 Rxh7 28. Nxh7 Nd8 29. Rxc8+ Kxc8 30. Kf2 Kd7 31. Nf8+ Ke7 32. Nxg6+ Kf6 33. Ne5 b5 34. Bc2 Nf7 35. Ng4+ Ke7 36. h4 Nd6 37. Ne5 Nc4 38. Nxc4 dxc4 39. Ke2 a5 40. Kd2 Kf6 41. Kc3 e5 42. g4 Bg6 43. dxe5+ 1-0

[Event "San Francisco TNM Litowsky op"]
[Site "San Francisco"]
[Date "2011.08.09"]
[Round "2"]
[White "Barrow, Lyle"]
[Black "Newey, Richard H"]
[Result "0-1"]
[WhiteElo "1470"]
[BlackElo "1739"]
[PlyCount "40"]
[EventDate "2011.08.02"]
[EventType "swiss"]
[EventRounds "9"]
[EventCountry "USA"]
[SourceTitle "EXT 2016"]
[Source "ChessBase"]
[SourceDate "2015.10.08"]
[SourceVersion "1"]
[SourceVersionDate "2015.10.08"]
[SourceQuality "1"]

1. e4 g6 2. Nc3 Bg7 3. Nf3 c5 4. Bc4 e6 5. 0-0 Ne7 6. Re1 0-0 7. Qe2 Nbc6 8. a3 a6 9. Nd1 b5 10. Ba2 d5 11. d3 Bb7 12. Rb1 c4 13. exd5 exd5 14. dxc4 dxc4 15. Bd2 Nf5 16. Bc3 Ncd4 17. Nxd4 Nxd4 18. Bxd4 Bxd4 19. Ne3 Qg5 20. Qg4 Bxe3 0-1

[Event "San Francisco TNM Summer op"]
[Site "San Francisco"]
[Date "2010.06.29"]
[Round "6"]
[White "Barrow, Lyle"]
[Black "Krawczyk, Steven"]
[Result "1-0"]
[WhiteElo "1500"]
[BlackElo "1089"]
[PlyCount "58"]
[EventDate "2010.05.25"]
[EventType "swiss"]
[EventRounds "8"]
[EventCountry "USA"]
[SourceTitle "EXT 2012"]
[Source "ChessBase"]
[SourceDate "2011.11.24"]
[SourceVersion "1"]
[SourceVersionDate "2011.11.24"]
[SourceQuality "1"]

1. e4 e5 2. Nf3 Nc6 3. Bb5 Bc5 4. Nc3 a6 5. Bxc6 bxc6 6. Nxe5 Qg5 7. Ng4 d6 8. h3 Ba7 9. d3 Qg6 10. Qf3 Ne7 11. Be3 Bb8 12. 0-0 h5 13. Nh2 f5 14. Qg3 Qf7 15. exf5 Nxf5 16. Qf3 d5 17. Rfe1 0-0 18. Bc5 Rd8 19. Re5 Ba7 20. Bxa7 Rxa7 21. Ne2 Qf6 22. Qf4 Qg6 23. Ng3 Nd6 24. Rae1 Rf8 25. Qg5 Qf7 26. Nf3 Re8 27. Rxe8+ Nxe8 28. Qxh5 Qxh5 29. Nxh5 Nd6 1-0

[Event "San Francisco TNM Spring op"]
[Site "San Francisco"]
[Date "2010.03.30"]
[Round "3"]
[White "Campers, William"]
[Black "Barrow, Lyle"]
[Result "1-0"]
[WhiteElo "1686"]
[BlackElo "1467"]
[PlyCount "97"]
[EventDate "2010.03.16"]
[EventType "swiss"]
[EventRounds "8"]
[EventCountry "USA"]
[SourceTitle "EXT 2012"]
[Source "ChessBase"]
[SourceDate "2011.11.24"]
[SourceVersion "1"]
[SourceVersionDate "2011.11.24"]
[SourceQuality "1"]

1. e4 e6 2. d4 d5 3. Nc3 Nf6 4. Bg5 Be7 5. e5 Nfd7 6. h4 c5 7. Nb5 f6 8. Bf4 Qb6 9. Qg4 g6 10. 0-0-0 f5 11. Qg3 c4 12. Nd6+ Bxd6 13. exd6 Nc6 14. Ne2 Nf6 15. Be5 Ne4 16. Qf3 Nxe5 17. dxe5 Nxf2 18. Ng3 Nxh1 19. Nxh1 Bd7 20. c3 0-0-0 21. Nf2 Qa5 22. Kb1 Kb8 23. Nh3 Rc8 24. Nf4 Rc6 25. Ne2 Ra6 26. Nc1 Rb6 27. Rd2 Ba4 28. Be2 Bc6 29. Qe3 Ra6 30. Bd1 Ba4 31. Bxa4 Qxa4 32. Qg5 Qd7 33. g4 Qd8 34. Qh6 Qf8 35. Qg5 fxg4 36. Qxg4 Qf5+ 37. Qxf5 exf5 38. Rxd5 Kc8 39. Ne2 Kd7 40. Nd4 Re8 41. Rc5 Rc6 42. Nxc6 bxc6 43. Kc2 f4 44. Kd2 Rb8 45. Rxc4 Rxb2+ 46. Ke1 Rxa2 47. Rxf4 Ke6 48. Rf6+ Kxe5 49. d7 1-0

[Event "San Francisco TNM Fall op"]
[Site "San Francisco"]
[Date "2009.11.17"]
[Round "5"]
[White "Allen, Tom"]
[Black "Barrow, Lyle"]
[Result "1/2-1/2"]
[WhiteElo "1550"]
[BlackElo "1486"]
[PlyCount "99"]
[EventDate "2009.10.20"]
[EventType "swiss"]
[EventRounds "9"]
[EventCountry "USA"]
[SourceTitle "EXT 2012"]
[Source "ChessBase"]
[SourceDate "2011.11.24"]
[SourceVersion "1"]
[SourceVersionDate "2011.11.24"]
[SourceQuality "1"]

1. e4 e6 2. Nf3 d5 3. e5 c5 4. Bb5+ Bd7 5. Bxd7+ Qxd7 6. d4 Nc6 7. c3 Nh6 8. 0-0 cxd4 9. cxd4 Bb4 10. a3 Ba5 11. b4 Bb6 12. Nc3 Nf5 13. Ne2 a6 14. Bb2 0-0 15. Qd2 Rac8 16. Qd3 h6 17. b5 axb5 18. Qxb5 Ba7 19. a4 Rfd8 20. Rfc1 Rc7 21. a5 Nxe5 22. Qxd7 Nxf3+ 23. gxf3 Rdxd7 24. Kf1 Nd6 25. a6 Nc4 26. Bc3 bxa6 27. Rxa6 Rb7 28. Rca1 Bb6 29. Nc1 Ra7 30. Nd3 Rxa6 31. Rxa6 Ra7 32. Rxa7 Bxa7 33. Bb4 Bxd4 34. f4 g6 35. Ke2 Bg7 36. Be7 Bf8 37. Bd8 Bd6 38. Bf6 Kf8 39. h3 Be7 40. Bd4 Nd6 41. Ne5 Nf5 42. Nd7+ Ke8 43. Nf6+ Bxf6 44. Bxf6 Kd7 45. Kd3 Kc6 46. Bb2 Kb5 47. Be5 Kc5 48. Bf6 d4 49. Be5 Kd5 50. Bf6 1/2-1/2

[Event "San Francisco TNM Fall op"]
[Site "San Francisco"]
[Date "2009.11.10"]
[Round "4"]
[White "Barrow, Lyle"]
[Black "Rosenstein, Perry B"]
[Result "1/2-1/2"]
[WhiteElo "1486"]
[BlackElo "1516"]
[PlyCount "40"]
[EventDate "2009.10.20"]
[EventType "swiss"]
[EventRounds "9"]
[EventCountry "USA"]
[SourceTitle "EXT 2012"]
[Source "ChessBase"]
[SourceDate "2011.11.24"]
[SourceVersion "1"]
[SourceVersionDate "2011.11.24"]
[SourceQuality "1"]

1. e4 d5 2. exd5 Nf6 3. Nf3 Nxd5 4. d4 Nc6 5. c4 Nb6 6. d5 Nb8 7. Nc3 c6 8. Be2 g6 9. Qd4 f6 10. 0-0 Bg7 11. dxc6 Nxc6 12. Qxd8+ Nxd8 13. Rd1 Nc6 14. Be3 f5 15. c5 Bxc3 16. bxc3 Na4 17. Rac1 Be6 18. Bb5 Nb2 19. Rd2 Nc4 20. Bxc4 Bxc4 1/2-1/2